Programming for Computations - Python : A Gentle Introduction to Numerical Simulations with Python 3.6 / (Record no. 26655)

000 -LEADER
fixed length control field 00723 a2200193 4500
008 - FIXED-LENGTH DATA ELEMENTS--GENERAL INFORMATION
fixed length control field 230626b ||||| |||| 00| 0 eng d
020 ## - INTERNATIONAL STANDARD BOOK NUMBER
International Standard Book Number 9783030168766
Terms of availability Euro49.99
041 0# - LANGUAGE CODE
Language code of text/sound track or separate title eng
082 00 - DEWEY DECIMAL CLASSIFICATION NUMBER
Classification number 004.0151
Item number L7554
100 ## - MAIN ENTRY--PERSONAL NAME
Personal name Linge, Svein
245 ## - TITLE STATEMENT
Title Programming for Computations - Python : A Gentle Introduction to Numerical Simulations with Python 3.6 /
250 ## - EDITION STATEMENT
Edition statement 2nd ed.
260 ## - PUBLICATION, DISTRIBUTION, ETC. (IMPRINT)
Place of publication, distribution, etc Gewerbestrasse:
Name of publisher, distributor, etc Springer Nature Swizerland,
Date of publication, distribution, etc 2020.
300 ## - PHYSICAL DESCRIPTION
Extent xxiii, 323 p. :
Other physical details ill. ;
Dimensions 26 cm.
490 0# - SERIES STATEMENT
Series statement Texts in Computational Science and Engineering ;
Volume number/sequential designation no. 15.
650 #0 - SUBJECT ADDED ENTRY--TOPICAL TERM
Topical term or geographic name as entry element Computer science
General subdivision mathematics
700 ## - ADDED ENTRY--PERSONAL NAME
9 (RLIN) 5560
Personal name Langtangen, Hans Petter
942 ## - ADDED ENTRY ELEMENTS (KOHA)
Source of classification or shelving scheme
Item type Books
Holdings
Withdrawn status Lost status Source of classification or shelving scheme Damaged status Not for loan Permanent location Current location Shelving location Date acquired Source of acquisition Cost, normal purchase price Full call number Barcode Date last seen Cost, replacement price Koha item type
          IMU Kolkata IMU Kolkata Reference 2023-06-26 4 2815.67 004.0151 L7554 14140 2023-06-26 4438.32 Books
          IMU Kolkata IMU Kolkata   2023-06-26 4 2815.67 004.0151 L7554 14141 2023-06-26 4438.32 Books
Designed and Maintained by IMU-KC Library, Kolkata Campus © Copyright All Rights Reserved

webs counters

Powered by Koha